Responses for Show #2912 - Tuesday, April 8, 1997

Contestants

[<< previous game]

Beth Coughlin, a librarian from Danvers, Massachusetts

Darren Depuydt, a speech and language pathologist from Milwaukee, Wisconsin

Steve Cook, a medical student from San Mateo, California (whose 3-day cash winnings total $34,401)

[next game >>]

Jeopardy! Round responses

BRITISH CHILDREN'S AUTHORS
MUSEUMS
MUSICAL THEATRE
U.S. HISTORY
SWIMMING
POT LUCK
    $100 7
A.A. Milne

Beth
    $100 18
Louisville

Steve
    $100 3
Little Shop of Horrors

Darren
    $100 10
The Constitution

Darren
    $100 1
Flippers/fins

Steve
    $100 23
University of Wisconsin

Steve
    $200 8
Lewis Carroll

Steve
    $200 19
Gene Autry

Steve
    $200 4
The Pirates of Penzance

Darren
    $200 12
Concord

Beth
    $200 2
Sidestroke

Darren
    $200 24
Green

Darren
    $300 9
(S: What is I guess I shouldn't have risked so much?)
(Alex: You're beginning to sound like Cliff Clavin now!)

Beatrix Potter

Steve
    $300 20
(S: What is Chicago?)

St. Louis

Steve
Triple Stumper
    $300 5
Damn Yankees

Darren
    $300 14
(S: What is Dodge City?)
(Alex: We have a minute to go....no, we have a break. I forgot!)

Tombstone

Steve
Triple Stumper
    $300 28
Backstroke

Steve
    $300 25
Calf

Steve
    $400 11
Watership Down

Steve
    $400 21
Manfred von Richthofen

Steve
    $400 6
Lost Horizon

Beth
    $400 15
(S: What are the Hawaiian Islands?)

Philippines

SteveBeth
    $400 29
Hungary

Steve
    $400 26
Washington Irving

Beth
    $500 13
P.L. Travers

Beth
    $500 22
Montgomery, Alabama

Beth
    $500 17
Neil Simon

Darren
    $500 16
World War I

Darren
    $500 30
Individual medley

Steve
    $500 27
Chicago

Darren

Scores at the first commercial break (after clue 14):

Steve Darren Beth
$100 $900 $1,200

Scores at the end of the Jeopardy! Round:

Steve Darren Beth
$1,700 $2,600 $2,500

Double Jeopardy! Round responses

POLITICS '96
CANADIAN CITIES
FILM DIRECTORS
CONTEMPORARIES
MYTHOLOGY
IN THE DICTIONARY
    $200 17
H. Ross Perot

Darren
    $200 1
Calgary

Beth
    $200 2
Oliver Stone

Steve
    $200 12
Daniel Defoe

Steve
    $200 19
Flood

Steve
    $200 7
Bagpipes

Darren
    $400 18
MTV

Beth
    $400 3
Vancouver

Darren
    $400 26
Penny Marshall

Beth
    $400 13
Catherine

Steve
    $400 21
Styx

Beth
    $400 8
Quatrain

Beth
    $600 20
Sonny Bono

Beth
    $600 4
Toronto

Steve
    $600 27
Mike Nichols

Triple Stumper
    $600 14
Charles McIntosh

Darren
    $600 22
Athena

Steve
    $600 9
Descent

Darren
    $800 24
Phil Gramm

Steve
    $800 5
Winnipeg

Steve
    $800 28
Tom Stoppard

Triple Stumper
    $800 15
Omar Khayyam

Steve
    $800 23
(D: Who is Aeolus?)

Zephyr

Darren
Triple Stumper
    $800 10
Lycanthrope

Triple Stumper
    $700 25
(S: What is Idaho?)

Indiana

Steve
    $1000 6
Halifax

Darren
    $1000 29
Roberto Rossellini

Beth
    $1000 16
Sforza

Darren
    $1000 30
Orpheus

Beth
    $1,000 11
Awkward

Darren

Scores at the end of the Double Jeopardy! Round:

Steve Darren Beth
$5,600 $6,800 $6,900

[wagering suggestions for these scores]

Final Jeopardy! Round responses

MYSTERY NOVELS
SteveWhat is The Maltese Falcon?
$0
DarrenWhat is the Maltese Falcon?
$6,800
BethWhat is the Maltese falcon?
$6,701
The Maltese Falcon

Final scores:

Steve Darren Beth
$5,600 $13,600 $13,601
3rd place: Helbros 14 Karat Gold Masterpiece Watch 2nd place: Trip to the Colony Beach & Tennis Resort, Longboat Key, Florida New champion: $13,601

Game dynamics:

Coryat scores:

Steve Darren Beth
$6,600 $6,800 $6,900
20 R,
5 W
(including 2 DDs)
17 R
(including 1 DD),
1 W
15 R,
0 W

Combined Coryat: $20,300

[game clues] [game scores] [suggest correction]

Game tape date: 1996-12-17
The J! Archive is created by fans, for fans. Scraping, republication, monetization, and malicious use prohibited; this site may use cookies and collect identifying information. See terms. The Jeopardy! game show and all elements thereof, including but not limited to copyright and trademark thereto, are the property of Jeopardy Productions, Inc. and are protected under law. This website is not affiliated with, sponsored by, or operated by Jeopardy Productions, Inc. Join the discussion at JBoard.tv.